000 00252nam a22001217a 4500
082 _a669.142 ROB
100 _aROBERTS.G.A
_958173
245 _aTOOL STEELS
250 _a4TH
260 _aUSA
_bAMERICAN SOCIETY
_c1962
300 _a780P
942 _cBK
999 _c568382
_d568382